Eurovision Song Contest 2022 - Artists & Songs - Statistics

General Stats
  • This quiz has been taken 37 times
    31 since last reset
  • The average score is 47 of 80
Answer Stats
Hint Answer % Correct
Estonia Stefan
96%
Ukraine Stefania
96%
The Netherlands De Diepte
82%
Italy Brividi
79%
Sweden Hold Me Closer
79%
Ukraine Kalush Orchestra
79%
Lithuania Sentimentai
79%
Spain SloMo
79%
United Kingdom Space Man
79%
Switzerland Boys Do Cry
75%
Spain Chanel
75%
Slovenia Disko
75%
Israel I.M
75%
Italy Mahmood & Blanco
75%
The Netherlands S10
75%
Armenia Snap
75%
Greece Die Together
71%
Finland Jezebel
71%
Poland River
71%
Albania Sekret
71%
Latvia Eat Your Salad
68%
Azerbaijan Fade to Black
68%
Norway Give That Wolf a Banana
68%
Estonia Hope
68%
Belgium Miss You
68%
Lithuania Monika Liu
68%
Germany Rockstars
68%
Portugal Saudade, saudade
68%
Finland The Rasmus
68%
Montenegro Breathe
64%
Sweden Cornelia Jakobs
64%
France Fulenn
64%
Austria Halo
64%
Serbia Konstrakta
64%
Slovenia LPS
64%
Australia Not the Same
64%
Poland Ochman
64%
United Kingdom Sam Ryder
64%
Denmark The Show
64%
North Macedonia Circles
61%
Cyprus Ela
61%
Croatia Guilty Pleasure
61%
Norway Subwoolfer
61%
Ireland That's Rich
61%
Malta I Am What I Am
57%
Serbia In corpore sano
57%
Bulgaria Intention
57%
Czech Republic Lights Off
57%
Georgia Lock Me In
57%
Armenia Rosa Linn
57%
Iceland Systur
57%
Cyprus Andromache
54%
Georgia Circus Mircus
54%
Latvia Citi Zēni
54%
Romania Llámame
54%
Switzerland Marius Bear
54%
Portugal Maro
54%
San Marino Stripper
54%
Romania WRS
54%
Ireland Brooke
50%
Malta Emma Muscat
50%
Israel Michael Ben-David
50%
Denmark Reddi
50%
Montenegro Vladana
50%
North Macedonia Andrea
46%
Bulgaria Intelligent Music Project
46%
Australia Sheldon Riley
46%
San Marino Achille Lauro
43%
Albania Ronela Hajati
43%
Czech Republic We Are Domi
43%
France Alvan & Ahez
39%
Greece Amanda Georgiadi Tenfjord
39%
Belgium Jérémie Makiese
39%
Germany Malik Harris
39%
Moldova Trenulețul
39%
Croatia Mia Dimšić
32%
Iceland Með hækkandi sól
25%
Azerbaijan Nadir Rustamli
18%
Austria Lumix feat. Pia Mia
4%
Moldova Zdob și Zdub & Frații Advahov
0%
No matching quizzes found
Score Distribution
Percent of People with Each Score
Percentile by Number Answered
Your Score History
You have not taken this quiz since the last reset